01185nabaa22001817a 4500003000400000005001700004008004100021040000700062100002200069245012400091300001400215505047300229505008900702650002700791650002400818650004100842773012000883OSt20260122230530.0190701b xxu||||| |||| 00| 0 spa d cPJ aBonato, Mauro R. 10aCuestiones de revocación de actos y contratos administrativos por razones de interés público /cMauro R. Bonato.  ap. 68-101 aSumario: I. Introducción.— II. Concepto.— III. Fundamento.— IV. La figura en derecho comparado y en el derecho positivo nacional.— V. El debate sobre la necesidad de ley formal.— VI. Supuestos de procedencia.— VII. Órgano competente para revocar.— VIII. Ámbito de aplicación.— IX. Oportunidad temporal para la revocación.— X. Procedimiento.— XI. Efectos.— XII. Control judicial.— XIII. La indemnización.— XIV. A modo de colofón. t¿Te interesa el texto completo? Comunicate al correo: koha@justierradelfuego.gov.ar 0aDERECHO ADMINISTRATIVO 0aACTO ADMINISTRATIVO 0aREVOCACIÓN DEL ACTO ADMINISTRATIVO0 02842dBuenos Aires : AbeledoPerrot, 2012-oDA121tDerecho administrativo. Nº 149 septiembre/octubre 2023z18510590